000 00345nam a22001337a 4500
008 250304b |||||||| |||| 00| 0 eng d
020 _a97835273335-6
050 _aTS171.4
_b.I53
100 _aRahse Wilfred
245 _aIndustrial Product Desigh of Solids and Liquids
260 _aGermany
_bWiley-VCH
_c2014
300 _aXVI,467P
942 _cBK
999 _c2094
_d2094